Countries invaded by Japan in WW2 - Statistics

General Stats
  • This quiz has been taken 156 times
  • The average score is 12 of 15
Answer Stats
Hint Answer % Correct
1931 China
100%
1940 Vietnam
91%
1940 Cambodia
89%
1941 Indonesia
87%
1941 Philippines
87%
1940 Laos
86%
1941 Malaysia
85%
1941 USA
82%
1942 Myanmar
79%
1941 Singapore
79%
1941 Australia
74%
1938 Mongolia
67%
1941 Brunei
65%
1939 USSR
60%
1941 Papua
45%
No matching quizzes found
Score Distribution
Percent of People with Each Score
Percentile by Number Answered
Your Score History
You have not taken this quiz